Countries, US States, Capitals, Elements, 100 Most Common Words: Answers that are part of answers - Statistics

General Stats
  • This quiz has been taken 549 times
  • The average score is 145 of 217
Answer Stats
Answer % Correct
{A}
100%
Abu Dhabi, Addis Ababa, Afghanistan.....
98%
At, As, Andorra, And, An, Abuja, Athen..
98%
Actinium, Addis Ababa, Afghanistan,.....
97%
{I}
97%
{An}
96%
It, In, Indiana, India, Iraq, If, Isra..
96%
Abuja, Accra, Actinium, Addis Ababa...
95%
Afghanistan, Albania, Albany, Antan.....
95%
{Be}
95%
Actinium, Aluminium, Argentina, Ast.....
94%
Afghanistan, Amman, Azerbaijan, Ban...
94%
Andorra, And, Antimony, Any, Antananar..
94%
Andorra, Andorra la Vella, Barbados.....
94%
{And}
93%
Andorra, Andorra la Vella, Boron, C.....
93%
Argon, Asunción, Boron, Boston, Cam...
92%
Athens, Bosnia and Herzegovina, Che.....
92%
Bern, Belize, Belgrade, Beijing, Becau..
91%
Antimony, Arizona, Baton Rouge, Car.....
90%
Astatine, Baton Rouge, Bratislava, .....
90%
Carson City, Eritrea, Guatemala Cit.....
90%
{Do}
90%
{In}
90%
{So}
90%
Abu Dhabi, Bangui, Brunei, Burundi,...
89%
Athens, Democratic Republic of the .....
89%
{He}
89%
Indiana, India, Into, Indianapolis, In..
89%
She, The
89%
{To}
89%
{At}
88%
Augusta, Austin, Australia, Austria.....
88%
Baton Rouge, Boston, Bridgetown, Ch.....
88%
Democratic Republic of the Congo, R...
88%
{Go}
88%
{Me}
88%
{No}
88%
{As}
87%
{Can}
87%
Dominica, Doha, Dominican Republic, Do..
87%
Helsinki, Her, Helena, Helium
87%
{It}
87%
Not, Nouakchott, Now, Norway, North Ko..
87%
Solomon Islands, South Tarawa, South A..
87%
{The}
87%
{Us}
87%
Austin, Bahrain, Benin, Berlin, Dub...
86%
{India}
86%
{On}
86%
{We}
86%
Angola, Argon, Bogotá, Bosnia and H.....
85%
Antigua and Barbuda, Bandar Seri Be.....
85%
{Or}
85%
{Andorra}
84%
Andorra, Andorra la Vella
84%
Canberra, Canada
83%
Central African Republic, Dominican.....
83%
Come, Lomé, Rome, São Tomé, Some, S...
83%
East Timor, Ecuador, El Salvador, F...
83%
{New}
82%
{Her}
81%
Italy, Its
81%
Mexico, Mercury, Mexico City, Meitneri..
81%
Their, Them, They, These, There, Then
81%
Americium, Armenia, Cameroon, Montg.....
79%
Democratic Republic of the Congo, F.....
79%
Djibouti, Djibouti, South Africa, S.....
79%
New Delhi, New York, New Jersey, New M..
79%
{Of}
79%
Tokyo, Tonga, Topeka, Togo
79%
Well, Wellington, West Virginia
79%
{For}
78%
{Indiana}
78%
Indiana, Indianapolis
78%
Alaska, Basseterre, Brasília, Burki.....
76%
Ashgabat, Muscat, Rabat, That, What
76%
Asunción, Ashgabat, Asmara, Astatine, ..
76%
Athens, Atlanta
76%
{Mexico}
76%
Andorra la Vella
75%
Bosnia and Herzegovina, Netherlands.....
75%
{Well}
75%
{If}
74%
Indianapolis
74%
{You}
74%
{His}
73%
Oregon
73%
Arkansas, Bahamas, Caracas, Hondura...
72%
Only, One
72%
{Then}
72%
{All}
71%
Good, Gold
71%
Wellington
71%
Athens, Ruthenium
70%
Buenos Aires, Hanoi, Honolulu, Illi.....
70%
{One}
70%
{Out}
70%
Democratic Republic of the Congo
69%
Finland, Iceland, Ireland, Maryland...
69%
{Guinea}
69%
{Kuwait}
69%
Kuwait
69%
{Our}
69%
{Republic of the Congo}
69%
{Him}
67%
{Panama}
67%
This
67%
Your
67%
Actinium, Argentina, Astatine, Plat.....
66%
Albany, Germany
65%
{Dominica}
65%
Guinea-Bissau
65%
Mexico City
65%
{Tin}
65%
{Use}
65%
Use
65%
{Vatican City}
65%
Vatican City
65%
{By}
64%
Equatorial Guinea, Papua New Guinea
64%
{Any}
63%
{Guatemala}
63%
Guatemala City
63%
{Singapore}
63%
Singapore
63%
{See}
62%
Dominican Republic
61%
Luxembourg, Luxembourg, Missouri
61%
Belarus, Columbus, Cyprus, Damascus...
60%
Carson City, Jackson, Jefferson Cit.....
60%
{Djibouti}
60%
Djibouti
60%
{Get}
60%
Kuwait City
60%
{Now}
60%
{Oklahoma}
60%
Panama City
60%
{Luxembourg}
59%
Luxembourg
59%
{Niger}
59%
{Over}
59%
Papua New Guinea
58%
{Washington}
58%
Washington D.C.
58%
{Bissau}
57%
Gallium, Marshall Islands, Palladiu.....
57%
{Monaco}
57%
Monaco
57%
Nigeria
57%
{Oman}
57%
{San Marino}
57%
San Marino
57%
San Marino, San Marino
57%
Dover
56%
{Sudan}
56%
Gaborone, Sierra Leone
55%
Oklahoma City
55%
Into, Maputo, Quito, Sacramento
54%
Norway
54%
{São Tomé}
54%
São Tomé and Príncipe
54%
Somalia
54%
{Way}
54%
{Boron}
53%
{Iran}
53%
Know
53%
Lilongwe, Zimbabwe
53%
{Mali}
53%
South Sudan
53%
Gaborone
52%
New Mexico
52%
Tallahassee, Tennessee
52%
California, Californium, Frankfort,.....
51%
About
50%
West Virginia
50%
Bandar Seri Begawan, Canberra, Libe.....
49%
{Spain}
49%
{Virginia}
49%
{Actinium}
48%
{Kansas}
47%
Other
47%
Protactinium
47%
Romania
47%
{Than}
46%
{Tunis}
46%
Tunisia
46%
{Rome}
45%
Arkansas
44%
California, Californium
44%
Port Moresby
43%
Austin
42%
{Georgia}
42%
Georgia
42%
Thimphu
42%
Because
41%
Also, Burkina Faso
39%
Port-of-Spain
39%
Terbium, Ytterbium
39%
{Erbium}
38%
{Salem}
38%
Tirana
38%
Ytterbium
38%
Dushanbe
37%
{Terbium}
36%
Chișinău
32%
Federated States of Micronesia, Ind.....
31%
Jerusalem
31%
Colorado
30%
Sweden
29%
Libya
28%
Bridgetown, Georgetown
26%
Lanthanum
21%
Promethium
14%
Massachusetts
12%
No matching quizzes found
Score Distribution
Percent of People with Each Score
Percentile by Number Answered
Your Score History
You have not taken this quiz